Basics of winning video Poker (Record no. 112313)

MARC details
000 -LEADER
fixed length control field 00564nam a2200217Ia 4500
008 - FIXED-LENGTH DATA ELEMENTS--GENERAL INFORMATION
fixed length control field 191130s2002##################000#0#eng##
020 ## - INTERNATIONAL STANDARD BOOK NUMBER
ISBN 9781580420679
082 ## - DEWEY DECIMAL CLASSIFICATION NUMBER
Classification number 795.412 ALL
100 ## - MAIN ENTRY--AUTHOR NAME
Personal name Allen, J. Edward
245 ## - TITLE STATEMENT
Title Basics of winning video Poker
Statement of responsibility, etc J. Edward Allen
250 ## - EDITION STATEMENT
Edition statement 4th ed
260 ## - PUBLICATION, DISTRIBUTION, ETC. (IMPRINT)
Place of publication Brooklyn, NY
Name of publisher Cardoza Publishing
Year of publication 2002
300 ## - PHYSICAL DESCRIPTION
Number of Pages 64 p.
650 ## - SUBJECT ADDED ENTRY--TOPICAL TERM
Topical Term Gambling
Topical Term Video poker
991 ## -
-- 390030
Holdings
Withdrawn status Lost status Damaged status Not for loan Home library Current library Shelving location Date acquired Full call number Accession Number Price effective from Koha item type
        Anna Centenary Library Anna Centenary Library 6TH FLOOR, B WING 12.10.2020 795.412 ALL 473408 12.10.2020 English Books

Find us on the map